000
00214 a2200097 4500
001
3068
100
_a
Schmidt, F.W.
245
_a
Introduction to thermal science
260
_a
_b
John wiley
_c
090
_c
2352
_d
2352
942
_a
NUST-CAE
_c
M
_c
15025
999
_c
238141
_d
238141